The Owl in the Attic and Other Perplexities

Wedi'i Gadw mewn:
Manylion Llyfryddiaeth
Prif Awdur: Thurber, James
Fformat: Llyfr
Iaith:Undetermined
Cyhoeddwyd: New York, Estados Unidos Harper & Row 1965
Pynciau:
Tagiau: Ychwanegu Tag
Dim Tagiau, Byddwch y cyntaf i dagio'r cofnod hwn!

MARC

LEADER 00000nam a2200000Ia 4500
008 170316s9999 xx 000 0 und d
040 |a cru BVZT 
090 |a 810 T-19o 
100 |a Thurber, James 
245 4 |a The Owl in the Attic and Other Perplexities 
260 |a New York, Estados Unidos 
260 |b Harper & Row 
260 |c 1965 
300 |a 113 páginas 
650 |a LITERATURA ESTADOUNIDENSE 
999 |c 6183  |d 6183 
942 |c 15 D  |h 810 T-19o  |2 z